LEADER 01249nam0-2200361---450- 001 990001010510203316 010 $a88-14-04406-6 035 $a0101051 035 $aUSA010101051 035 $a(ALEPH)000101051USA01 035 $a0101051 100 $a20020301d1993----km-y0ITAy01------ba 101 $aita 102 $aIT 105 $a||||||||001yy 200 1 $aVerso un diritto del lavoro europeo$ela disciplina dei trasferimenti d'azienda e dei licenziamenti collettivi$eatti del Convegno di Catania, 25-26 ottobre 1991$fa cura di Salvatore Pagano 210 $aMilano$cGiuffrè$d1993 215 $aVI, 278 p.$d24 cm 225 $aCentro nazionale studi di diritto del lavoro Domenico Napoletano$v21 410 1$12001$aCentro nazionale studi di diritto del lavoro Domenico Napoletano$v21 606 0 $aDiritto del lavoro$yEuropa 676 $a344.401 702 1$aPAGANO,$bSalvatore 801 0$aIT$bsalbc$gISBD 912 $a990001010510203316 951 $aCOLL GAF 21$b4096 G$cCOLL GAF 959 $aBK 969 $aGIU 979 $aPATTY$b90$c20020301$lUSA01$h1718 979 $c20020403$lUSA01$h1742 979 $aPATRY$b90$c20040406$lUSA01$h1710 996 $aVERSO un diritto del lavoro europeo$9645824 997 $aUNISA LEADER 00939nam a2200265 i 4500 001 991001074159707536 005 20020507182732.0 008 970225s197- it ||| | ita 035 $ab10797312-39ule_inst 035 $aLE01306630$9ExL 040 $aDip.to Matematica$beng 082 0 $a515.94 084 $aAMS 32F20 100 1 $aKerzman, N.$0535908 245 10$aLezioni di analisi complessa in più variabili /$cN. Kerzman 260 $aFirenze :$bCNR, Centro di analisi globale,$c[197-?] 300 $a32 p. ;$c29 cm. 650 4$aComplex analysis 650 4$aGeometric convexity 907 $a.b10797312$b02-04-14$c28-06-02 912 $a991001074159707536 945 $aLE013 32F KER11 (1975)$g1$i2013000148021$lle013$o-$pE0.00$q-$rl$s- $t0$u0$v0$w0$x0$y.i10899054$z28-06-02 996 $aLezioni di analisi complessa in più variabili$9921708 997 $aUNISALENTO 998 $ale013$b01-01-97$cm$da $e-$fita$git $h0$i1